000 00708nam a22001577a 4500
003 OSt
005 20150930093046.0
008 150930b xxu||||| |||| 00| 0 eng d
040 _cRUA
082 _aAGR VAR 2011 B047 Or.1
100 _91583
_aVAR, SOPHAL.
245 _aCorn yield comparison betwween direct seeding mulch-based cropping systems and traditional practice (ប្រៀបធៀបប្រពន្ធ័ដាំដុះដោយផ្ទាល់លើដំណាំគម្របដីនិងការដាំដុះតាមទម្លាប់ទៅលើទន្និផលពោត)
260 _aPhnom Penh
_bRUA
_c2011
300 _aix, 39p.
_bill.
_c29cm.
942 _2ddc
_cAGR
999 _c1493
_d1493